LEADER 02180nam0 2200397 i 450 001 BVE0006396 005 20251003044049.0 100 $a20110808d1990 ||||0itac50 ba 101 | $aita 102 $ait 181 1$6z01$ai $bxxxe 182 1$6z01$an 200 1 $aˆLo ‰sviluppo della politica agricola comunitaria$fRoberto Fanfani 210 $aRoma$cNIS$d1990 215 $a269 p.$d22 cm. 225 | $aStudi superiori NIS$v87 410 0$1001CFI0012515$12001 $aStudi superiori NIS$v87 606 $aComunità economica europea$xPolitica agraria$2FIR$3CFIC003409$9I 676 $a338.1$9AGRICOLTURA$v21 676 $a338.18$9POLITICHE AGRARIE GOVERNATIVE$v20 676 $a338.181$9AGRICOLTURA. POLITICHE INTERNAZIONALI$v19 676 $a338.181$9AGRICOLTURA. POLITICHE INTERNAZIONALI$v21 676 $a338.184$9AGRICOLTURA. POLITICHE DEL GOVERNO. Europa$v21 676 $a338.184$9AGRICOLTURA. POLITICHE AGRICOLE PUBBLICHE. Europa$v23 676 $a338.9$9SVILUPPO ECONOMICO$v12 700 1$aFanfani$b, Roberto$3CFIV091193$4070$075364 801 3$aIT$bIT-000000$c20110808 850 $aIT-BN0095 $aIT-NA0299 901 $bNAP 01$cLT $n$ 901 $bNAP AG$cF.AVOLIO $n$ 901 $bNAP 01$cPOZZO LIB.$nVi sono collocati fondi di economia, periodici di ingegneria e scienze, periodici di economia e statistica e altri fondi comprendenti documenti di economia pervenuti in dono. 912 $aBVE0006396 950 0$aBiblioteca Centralizzata di Ateneo$c1 v.$d 01LT (AR) 9 B 793$e 01AR 0070097935 VMA 1 v.$fB $h20140205$i20140205$c1 v. in due copie$d 01LT (AR) 9 B 794$e 01AR 0070097945 VMA (bis 1 v. (2. copia)$fY $h20190513$i20190513$c1 v.$d 01POZZO LIB.ECON MON 3539$e 0101 0000129075E VMA 1 v.$fB $h20210322$i20210322$c1 v.$d 01POZZO LIB.ECON MON 3539$e 0101 0070047075E VMA (bis 1 v. (Precedente collocazione 4 Ec 707)$fB $h20220713$i20220713 977 $a 01$a AG 996 $aSviluppo della politica agricola comunitaria$961118 997 $aUNISANNIO